LEADER 00895nam a2200217 i 4500 001 000000221130 003 CaOOAMICUS 005 20130619000000.0 008 130619s1995 it u000 u ita u 013 $a200027 040 $aSeMil$bita 100 1 $aScurani, Alessandro.$0(OLS)http://semarc/name/46612 245 10$aTeresio Olivelli :$bil ribelle dagli occhi puliti /$cAlessandro Scurani. 260 $aMilano :$bEd. San Fedele,$cstampa 1995. 300 $a102 p. ;$c21 cm. 600 14$aOlivelli, Teresio .$0(OLS)http://semarc/subject/32281 850 $aSeMil 852 $aSeMil$W1$xVenegono$y1$m3H II 454$j171481$B171481$CSeMilBibl$Z2$F182147 $81 961 $aLascito: Schieppati don Giorgio 996 $6245$aTeresio Olivelli :$bil ribelle dagli occhi puliti$9(OLS)http://semarc/title/317013 996 $6260$aMilano :$bEd. San Fedele$9(OLS)http://semarc/publisher/45818 LEADER 01491nam a2200313 i 4500 001 000000195399 003 CaOOAMICUS 005 20250429102920.0 008 101213s2010 be u000 u lat u 020 $a978-2-503-53453-4 040 $aSeMil$bita 041 $alat$aeng 100 1 $aCapella, Martianus Mineus Felix,$d<03..-04..>.$0(OLS)http://semarc/name/61465 240 10$aDe nuptiis Philologiae et Mercurii.$0(OLS)http://semarc/title/230897 245 10$aGlossae aevi carolini in libros 1.-2. Martiani Capellae De nuptiis Philologiae et Mercurii /$cquas edidit Sinéad O'Sullivan. 260 $aTurnhout :$bBrepols,$c2010. 300 $aCLXXXI, 470 p. ;$c26 cm. 490 0 $aCorpus Christianorum. Continuatio Mediaevalis ;$v237. 500 $aTesto latino, introduzione e commentario in inglese 504 $aBibliography, p. [CXLIV]-CLXXXI 700 1 $aO'Sullivan, Sinéad.$0(OLS)http://semarc/name/70925 830 0$aCorpus Christianorum. Continuatio Mediaevalis ;$v237.$0(OLS)http://semarc/title/35 850 $aSeMil 852 $aSeMil$W1$xVenegono$y1$mSL2.G CC.CM 237$j256302$B145968$CSeMilBibl$Z2$F157493 $8I 961 $aSottoscrizione: Brepols 996 $6020$a978-2-503-53453-4$9(OLS)http://semarc/number/187083 996 $6245$aGlossae aevi carolini in libros 1.-2. Martiani Capellae De nuptiis Philologiae et Mercurii$9(OLS)http://semarc/title/281912 996 $6260$aTurnhout :$bBrepols$9(OLS)http://semarc/publisher/29626